Counting the cost of Energy Performance Certificates (Record no. 80318)
[ view plain ]
| 000 -LEADER | |
|---|---|
| fixed length control field | 01098cab a22002295a 4500 |
| 001 - CONTROL NUMBER | |
| control field | L143936 |
| 008 - FIXED-LENGTH DATA ELEMENTS--GENERAL INFORMATION | |
| fixed length control field | 080609e20080527xxk f 000 0 eng d |
| 035 ## - SYSTEM CONTROL NUMBER | |
| System control number | (Sirsi) u143936 |
| 041 0# - LANGUAGE CODE | |
| Language code of text/sound track or separate title | eng |
| 100 1# - MAIN ENTRY--PERSONAL NAME | |
| Personal name | Gallagher, Sean |
| 245 00 - TITLE STATEMENT | |
| Title | Counting the cost of Energy Performance Certificates |
| 260 ## - PUBLICATION, DISTRIBUTION, ETC. | |
| Date of publication, distribution, etc. | 2008 |
| 490 #0 - SERIES STATEMENT | |
| Series statement | Solicitors' Journal |
| Volume/sequential designation | 152(21) 27 May 2008, 13-14(2) |
| 520 ## - SUMMARY, ETC. | |
| Summary, etc. | Discusses the issue of how to fund EPCs (Energy Performance Certificates). Stresses the importance of shopping around and getting good legal advice. Notes the pressure on owners and landlords. Comments on the likely impact on investors? attitudes. Concludes that EPCs are a key decision for landlords. |
| 590 ## - LOCAL NOTE (RLIN) | |
| Local note | KA |
| 650 24 - SUBJECT ADDED ENTRY--TOPICAL TERM | |
| Topical term or geographic name entry element | COMMERCIAL ENERGY PERFORMANCE CERTIFICATES |
| 650 24 - SUBJECT ADDED ENTRY--TOPICAL TERM | |
| Topical term or geographic name entry element | EUROPEAN ENERGY PERFORMANCE OF BUILDINGS DIRECTIVE 2002/91/EC |
| 650 24 - SUBJECT ADDED ENTRY--TOPICAL TERM | |
| Topical term or geographic name entry element | ENERGY PERFORMANCE OF BUILDINGS (CERTIFICATES AND INSPECTIONS) (ENGLAND AND WALES) REGULATIONS 2007 |
| 651 #4 - SUBJECT ADDED ENTRY--GEOGRAPHIC NAME | |
| Geographic name | England and Wales |
| 690 ## - LOCAL SUBJECT ADDED ENTRY--TOPICAL TERM (OCLC, RLIN) | |
| Topical term or geographic name as entry element | ENVIRONMENTAL AND LAND CONSULTANCY-ENERGY-ENERGY USE-ENERGY EFFICIENCY |
| 942 ## - ADDED ENTRY ELEMENTS (KOHA) | |
| Suppress in OPAC | 0 |
| Withdrawn status | Lost status | Source of classification or shelving scheme | Damaged status | Not for loan | Home library | Current library | Shelving location | Date acquired | Total Checkouts | Full call number | Barcode | Date last seen | Copy number | Price effective from | Koha item type |
|---|---|---|---|---|---|---|---|---|---|---|---|---|---|---|---|
| Dewey Decimal Classification | London | London | Journal article | 09/06/2008 | L143936 | 143936-1001 | 06/08/2019 | 1 | 06/08/2019 | Journal article |